Educación para todos : información básica para promotores voluntarios /

Se da aquí información general sobre el Programa Nacional de Educación a Grupos Marginados y sobre las características y requisitos para ser promotor voluntario y los apoyos que reciben de la SEP.

Gespeichert in:
Bibliographische Detailangaben
Körperschaft: México. Secretaría de Educación Pública
Format: Buch
Sprache:Spanisch
Veröffentlicht: México : Secretaría de Educación Pública, 1978
Schlagworte:
Tags: Tag hinzufügen
Keine Tags, Fügen Sie das erste Tag hinzu!

MARC

LEADER 00000nam^a2200000^a^4500
001 000022883
005 20250521000000.0
009 20260310084513.387
020 |a 968-804-002-9 
037 |a Acervo ITESO - Biblioteca 
041 |a ESP 
082 |a 320. 972  |b PLA SED-egm 1976-1982 V. 4 
110 |a México.  |b Secretaría de Educación Pública 
240 1 1 |a [Plan Nacional de Desarrollo, 1976-1982] 
240 1 1 |a [Plan Nacional de Educación] 
240 1 1 |a [Educación para todos] 
245 1 0 |a Educación para todos :  |b información básica para promotores voluntarios /  |c SEP. 
264 1 |a México :  |b Secretaría de Educación Pública,  |c 1978 
300 |a 1 folleto (7 p.) 
336 |a texto  |b txt  |2 rdacontenido 
337 |a sin mediación  |b n  |2 rdamedio 
338 |a volumen  |b nc  |2 rdasoporte 
520 |a Se da aquí información general sobre el Programa Nacional de Educación a Grupos Marginados y sobre las características y requisitos para ser promotor voluntario y los apoyos que reciben de la SEP. 
649 |a XX 
650 |a Marginados Sociales -  |z México -  |x Tema Principal 
650 |a Alfabetización -  |z México 
650 |a Analfabetismo -  |z México 
650 |a Español -  |z México -  |x Estudio y Enseñanza 
650 |a Programas Gubernamentales -  |z México -  |x Tema Principal 
650 |a Proyecto Educativo -  |z México -  |x Tema Principal 
650 |a Planeación Educativa -  |z México 
650 |a Política Educativa -  |z México 
650 |a Políticas Públicas -  |z México 
650 |a Administración Pública -  |z México -  |x Historia -  |y 1976-1982 
650 |a Educación y Estado -  |z México 
650 |a Proyecto Nacional -  |z México 
650 |a Educación Primaria -  |z México -  |x Historia -  |y 1976-1982 
650 |a Educación de Adultos -  |z México -  |x Historia -  |y 1976-1982 
650 |a Educación Pública -  |z México -  |x Historia -  |y 1976-1982 
910 |a Fondo General 
920 |a Impresos - Libros 
930 |a Colección General 
905 |a 101 
901 |a 0228830100  |b IT1  |c ACC  |i 022883  |u 20250521 
902 |a https://opac.biblio.iteso.mx/vufind/Record/000022883